01270nam a2200325Ia 4500001001200000003000800012006001900020007001500039008004100054010001700095020001800112020001500130040002100145035002100166050002700187245008300214260003800297300002400335490003400359504005300393533015200446650004200598650005200640655002900692700002800721710001700749830003500766856012600801999001700927ebr10245957CaPaEBRm u cr cn|||||||||080605s2008 nyua sb 001 0 eng d z 2008930561 z9780387779485 z0387779485 aCaPaEBRcCaPaEBR a(OCoLC)28846893614aQA279.5b.B3889 2008eb00aBayesian reliabilityh[electronic resource] /cMichael S. Hamada ... [et al.]. aNew York, NY :bSpringer,cc2008. axvi, 436 p. :bill.1 aSpringer series in statistics aIncludes bibliographical references and indexes. aElectronic reproduction.bPalo Alto, Calif. :cebrary,d2009.nAvailable via World Wide Web.nAccess may be limited to ebrary affiliated libraries. 0aBayesian statistical decision theory. 0aReliability (Engineering)xStatistical methods. 7aElectronic books.2local1 aHamada, Michael,d1955-2 aebrary, Inc. 0aSpringer series in statistics.40uhttp://site.ebrary.com/lib/rucke/Doc?id=10245957zAn electronic book accessible through the World Wide Web; click to view c36092d36092